| 000 | 00420cam a2200181ua 4500 | ||
|---|---|---|---|
| 020 | _c2 | ||
| 041 |
_aeng _h |
||
| 082 |
_a891.43 _bALL/SA |
||
| 100 | _aAllen, James . | ||
| 245 |
_aSaphalata Ke ath Sadhan / _cJames Allen. _hTextual Documents |
||
| 250 |
_a1 / _b. |
||
| 260 |
_a : _bHind Pocket books Pvt Ltd , _c1993. |
||
| 300 | _a126 ; . | ||
| 365 | _a2 | ||
| 504 | _a | ||
| 942 | _cBK | ||
| 999 |
_c2931 _d2931 |
||